Loading...
Science - Other Science | 3 | 3 | 0 | 0 | 75 | 35 | 67.67 | 5 | 6 |
Science - Physics | 1 | 6 | 1 | 0 | 70 | 53 | 82.43 | 2 | 7 |
Philosophy | 2 | 4 | 1 | 0 | 65 | 52 | 77.67 | 5 | 6 |
Religion | 1 | 3 | 0 | 0 | 45 | 40 | 78.00 | 0 | 3 |
Fine Arts - Other Fine Arts | 3 | 1 | 2 | 1 | 45 | 54 | 69.50 | 1 | 4 |
Fine Arts - Auditory Fine Arts | 1 | 3 | 2 | 0 | 35 | 44 | 81.00 | 1 | 4 |
Fine Arts - Visual Fine Arts | 1 | 2 | 0 | 0 | 35 | 69 | 79.67 | 0 | 3 |
History - American History | 2 | 2 | 3 | 0 | 35 | 64 | 73.00 | 1 | 3 |
Science - Chemistry | 0 | 3 | 0 | 0 | 30 | 87 | 93.33 | 0 | 1 |
Social Science | 1 | 2 | 1 | 0 | 30 | 27 | 67.00 | 3 | 3 |
Current Events | 2 | 0 | 1 | 0 | 25 | 11 | 23.50 | 2 | 2 |
History - World History | 1 | 1 | 0 | 0 | 25 | 17 | 49.00 | 0 | 2 |
History - Other History | 0 | 2 | 1 | 1 | 15 | 72 | 80.00 | 0 | 1 |
Other Academic | 0 | 1 | 0 | 0 | 10 | 92 | 92.00 | 0 | 1 |
Literature - World Literature | 0 | 1 | 1 | 0 | 5 | 107 | 107.00 | 1 | 1 |
History - European History | 0 | 1 | 1 | 0 | 5 | 65 | 65.00 | 0 | 1 |
Literature - American Literature | 0 | 1 | 2 | 0 | 0 | 87 | 87.00 | 0 | 1 |